[Event "15th IBM tournament"]
[Site "Amsterdam NED"]
[Date "1975.??.??"]
[Round "15"]
[White "Razuvaev, Yury"]
[Black "Smejkal, Jan"]
[WhiteElo "2515"]
[BlackElo "2600"]
[Result "1/2-1/2"]
[EventDate "1975.07.??"]
[PlyCount "92"]

1.e4 e5 2.Nf3 Nc6 3.Bb5 a6 4.Ba4 Nf6 5.O-O Be7 6.Re1 b5 7.Bb3 d6 8.c3 O-O 
9.h3 Na5 10.Bc2 c5 11.d4 cxd4 12.cxd4 Bb7 13.Nbd2 Qc7 14.d5 Bc8 15.Nf1 Bd7
16.Ng3 Rfc8 17.Bd3 Nb7 18.Be3 Nc5 19.Rc1 Qb8 20.Bb1 Na4 21.Qd2 Qb7 22.b3 
Rxc1 23.Rxc1 Nb6 24.Ne1 Rc8 25.f4 exf4 26.Bxf4 Ne8 27.Nf3 Rxc1+ 28.Qxc1 g6
29.Qd2 Bf6 30.Kh2 Bc8 31.Ne2 Nd7 32.Ned4 Ne5 33.Bd3 Bd7 34.Bc2 Qc7 35.Bg3 
Bg7 36.a4 bxa4 37.bxa4 Qc4 38.a5 Nxf3+ 39.Nxf3 Bc3 40.Bd3 Bxd2 41.Bxc4 
Bxa5 42.Bxa6 f6 43.Nd4 Bb6 44.Bb5 Bxb5 45.Nxb5 Bc5 46.Bf4 f5 1/2-1/2

[Event "15th IBM tournament"]
[Site "Amsterdam NED"]
[Date "1975.??.??"]
[Round "15"]
[White "Szabo, Laszlo"]
[Black "Ree, Hans"]
[WhiteElo "2545"]
[BlackElo "2470"]
[Result "1-0"]
[EventDate "1975.07.??"]
[PlyCount "59"]

1.d4 Nf6 2.c4 g6 3.Nc3 Bg7 4.e4 d6 5.f4 O-O 6.Nf3 c5 7.d5 b5 8.e5 Nfd7 9.
Nxb5 dxe5 10.Be2 e4 11.Ng5 Nf6 12.Nc3 h6 13.Ngxe4 Nxe4 14.Nxe4 Bd4 15.Nf2 
Nd7 16.O-O Nf6 17.Kh1 e6 18.Ng4 exd5 19.f5 Ne4 20.Bd3 h5 21.cxd5 Ng3+ 22.
hxg3 hxg4 23.Bh6 Qxd5 24.Qxg4 Re8 25.Qh4 Bb7 26.Rf3 Re5 27.Raf1 Rae8 28.
fxg6 f6 29.Bc4 Qxc4 30.Bg7 1-0

[Event "15th IBM tournament"]
[Site "Amsterdam NED"]
[Date "1975.??.??"]
[Round "15"]
[White "Timman, Jan"]
[Black "Bohm, Hans"]
[WhiteElo "2510"]
[BlackElo "2300"]
[Result "1/2-1/2"]
[EventDate "1975.07.??"]
[PlyCount "39"]

1.b3 b5 2.Bb2 Bb7 3.Nf3 Nf6 4.e3 a6 5.Be2 e6 6.O-O Be7 7.d3 d5 8.Nbd2 Nbd7
9.Re1 b4 10.a3 a5 11.Bf1 Nc5 12.Ne5 O-O 13.Ndf3 Nfd7 14.Nxd7 Nxd7 15.Ra2 
Bf6 16.Qa1 c5 17.Bxf6 Qxf6 18.Qxf6 gxf6 19.Rea1 Ne5 20.axb4 1/2-1/2